Gym things - Statistics

General Stats
  • This quiz has been taken 564 times
  • The average score is 11 of 13
Answer Stats
Hint Answer % Correct
If your friend has died on the bench press, do you... 1) Call an ambulance 2) Increase the weight (Answer with the presented number) 2
95%
Monohydrate that helps get water to your muscles Creatine
88%
What's the building block of muscle recovery (macronutrient) Protein
87%
Hormone that improves muscle growth (the male hormone) Testosterone
87%
A famous shout/cheer made famous by Ronnie Coleman Yeah buddy
84%
20kg + 20kg = ? 60
82%
Equipment made for protecting/helping your core Lifting Belt
82%
45lbs + 45lbs = ? 135
81%
The first person to deadlift half a ton Eddie Hall
78%
The king of chest exercises (Overall) Bench press
74%
The most popular ingredient in preworkouts Caffeine
74%
The king of leg exercises (Overall) Squat
74%
Equipment that helps you engage your back muscles more in movements such as barbell row Lifting Straps
68%
No matching quizzes found
Score Distribution
Percent of People with Each Score
Percentile by Number Answered
Your Score History
You have not taken this quiz